书目信息 |
| 题名: |
国际运输货物保险
|
|
| 作者: | 曾立新 编著 | |
| 分册: | ||
| 出版信息: | 北京 中国人民大学出版社 2004 |
|
| 页数: | 298页 | |
| 开本: | 23cm | |
| 丛书名: | ||
| 单 册: | ||
| 中图分类: | F840.63 | |
| 科图分类: | ||
| 主题词: | 国际运输--货物运输--运输保险--高等学校--技术学校--教材 , 国际运输 , 货物运输 | |
| 电子资源: | ||
| ISBN: | 7-300-05814-0 | |
| 000 | 00969nam0 2200277 450 | |
| 000 | 00984nam0 2200277 450 | |
| 000 | 00914nam0 2200253 450 | |
| 000 | 00878oam2 2200241 45 | |
| 005 | 20070725112909.95 | |
| 010 | @a7-300-05814-0@dCNY25.00 | |
| 100 | @a20070626d2004 em y0chiy0120 ea | |
| 101 | 0 | @achi |
| 102 | @aCN@b110000 | |
| 105 | @ay z 000yy | |
| 200 | 1 | @a国际运输货物保险@AGuo Ji Yun Shu Huo Wu Bao Xian@f曾立新编著@FZeng Li Xin Bian Zhu |
| 210 | @a北京@c中国人民大学出版社@d2004 | |
| 215 | @a298页@d23cm | |
| 300 | @a高职高专国际贸易专业系列教材 | |
| 330 | @a本书结合同步内容小结、引例、练习对保险基本知识、海上保险合同、海运货物保险所承担的风险、海运货物保险的投保与承保等进行介绍。 | |
| 606 | 0 | @a国际运输@x货物运输@x运输保险@x高等学校@x技术学校@j教材 |
| 606 | 0 | @a国际运输 |
| 606 | 0 | @a货物运输 |
| 690 | @aF840.63@v4 | |
| 701 | 0 | @a曾立新@AZeng Li Xin@c(货物运输)@4编著 |
| 801 | 0 | @aCN@bTAOJIN@c20070725 |
| 905 | @a10447@dF840.63@e42 | |
| 国际运输货物保险/曾立新编著.-北京:中国人民大学出版社,2004 |
| 298页;23cm |
| 高职高专国际贸易专业系列教材 |
| ISBN 7-300-05814-0:CNY25.00 |
| 本书结合同步内容小结、引例、练习对保险基本知识、海上保险合同、海运货物保险所承担的风险、海运货物保险的投保与承保等进行介绍。 |
| ● |
| 相关链接 |
|
|
|
|
正题名:国际运输货物保险
索取号:F840.63/42
 
预约/预借
| 序号 | 登录号 | 条形码 | 馆藏地/架位号 | 状态 | 备注 |
| 1 | 0825039 | 208250391 | 第一样本阅览室/ [索取号:F840.63/42] | 在馆 | |
| 2 | 0825040 | 208250408 | 密集书库/ [索取号:F840.63/42] | 在馆 | |
| 3 | 0825041 | 208250417 | 密集书库/ [索取号:F840.63/42] | 在馆 | |
| 4 | 0825042 | 208250426 | 第一借阅区/ [索取号:F840.63/42] | 在馆 | |
| 5 | 0825043 | 208250435 | 第一借阅区/ [索取号:F840.63/42] | 在馆 | |
| 6 | 0825044 | 208250444 | 第一借阅区/ [索取号:F840.63/42] | 在馆 | |
| 7 | 0825045 | 208250453 | 第一借阅区/ [索取号:F840.63/42] | 在馆 | |
| 8 | 0825046 | 208250462 | 第一借阅区/ [索取号:F840.63/42] | 在馆 |